League Of Legends Quiz By Select Quotes - Statistics

General Stats
  • This quiz has been taken 962 times
  • The average score is 81 of 126
Answer Stats
Hint Answer % Correct
All the world by one arrow. Ashe
96%
MUNDO! Dr. Mundo
95%
Death is like the wind, always on my side. Yasuo
92%
Welcome to the league of Draven. Draven
91%
OK. Rammus
90%
Im on the case. Caitlyn
87%
I will decide what the tide will bring. Nami
87%
Captain Teemo on duty! Teemo
87%
Punch first ask questions while punching. Vi
85%
The unseen blade is the deadliest. Zed
85%
Gnargata! Gnar
84%
Rock solid. Malphite
84%
Fortune doesnt favor fools. Miss Fortune
84%
I long for a worthy opponent. Fiora
83%
Shurima... Your emperor has returned. Azir
82%
Its not how much time you have, its how you use it. Ekko
82%
My heart and soul always for Demacia. Garen
82%
I thought you'd never pick me. Amumu
81%
If you are buying im in. Gragas
81%
Rules are made to be broken... like buidings... or people... Jinx
81%
You wanna play too? It'll be fun. Annie
80%
You want to set the world on fire? Heheheee. Brand
80%
The moon also rises. Diana
80%
Only you can hear me summoner, what masterpiece should we play today? Sona
80%
They'll regret opposing me. Darius
79%
Only a spider is safe on her web. Elise
79%
Dead man walking. Graves
79%
Time to troll. Trundle
78%
The tempest is at your command. Janna
77%
Into the fray! Kayle
77%
I will bury the world in ice. Lissandra
77%
My blade is yours. Master Yi
77%
Lady Lucky smiling. Twisted Fate
77%
Justice takes wing. Quinn
76%
Violence solves everything. Katarina
75%
What is broken can be reforged. Riven
75%
Let us hunt those who have fallen into darkness. Vayne
75%
The heart is the strongest muscle. Braum
74%
Indeed, a wise choice. Heimerdinger
74%
Feel the thorns enbrase. Zyra
74%
Fired up and ready to serve. Blitzcrank
73%
The circle of life and death continues... We will live... They will die. Nasus
73%
Call me king, call me demon - Water forgets the names of the drowned. Tahm Kench
73%
Dont you trust me? Ahri
72%
Tonight we hunt. Rengar
72%
They will fear the wild. Nidalee
71%
The dawn has arrived. Leona
70%
The rivers will run red. Vladimir
69%
On my wings. Anivia
68%
You wish the world you know to end? Yesssss. Cho'Gath
68%
Prepare to be boarded. Gangplank
68%
The black rose shall bloom ones more. Leblanc
68%
Join the glorious evolution. Viktor
68%
How about a magic trick? Shaco
67%
The night is my vail. Evelynn
66%
This'll be a blast. Ziggs
66%
Lets do this. Jax
65%
Change is good. Kha'Zix
65%
I wanna shoot something! Tristana
65%
Beware the depths. Nautilus
64%
Enpraise the darkness. Nocturne
64%
So much untact power. Syndra
64%
Live and die by the blade. Talon
64%
No, now that the stables returned I shall show you no mercy! Veigar
64%
I knew you would do that. Zilean
64%
Your will, my hands. Lee sin
63%
We'll bring them pain. Morgana
63%
To the arena! Xin Zhao
63%
I was made for this... literally. Zac
63%
I'm up to snuff, and gots me an ace machine! Corki
62%
Everybody dies... some just need a little help. Lucian
62%
I always take toll: blood or gold. Sivir
62%
This will be a slaughter. Tryndamere
62%
Knowledge through... disintegration. Vel'Koz
62%
Behold the might of the shadow isles. Hecarim
61%
I fight for a brighter tomorrow. Jayce
61%
Tactical decicion summoner! Lux
61%
Nothing can hold me back. Alistar
60%
Time for a true diplay of skill. Ezreal
60%
How about a drink? Singed
60%
My stinger brings ugly death. Skarner
60%
This battle will be my master piece. Aatrox
59%
A demonstration of superior judgement. Shen
59%
As I live all will die. Renekton
58%
My blade is at your service. Irelia
57%
Always trust your spirit. Karma
57%
I will be free. Xerath
57%
Pleased to meat you. Lulu
56%
Let me at 'em. Fizz
55%
We will kill your enemies, that'll be fun. Orianna
55%
Let me guide you. Soraka
55%
Not just precious stones... I bring you an ancient power. Taric
55%
Let the storm follow in my wake. Volibear
55%
A guardian is always prepared. Galio
54%
By my will this shall be finished. Jarvan IV
54%
Do you feel a chill? Karthus
54%
Balance dictates. Akali
53%
Lets go, lets go. Ryze
53%
The eyes never lie. Kennen
52%
The early bird gets the worm. Swain
52%
I will be the best. Wukong
52%
Our rage is beyond your controll. Udyr
50%
Quilty will know agony. Varus
50%
*some music* Bard
48%
Time to feast. Kog'Maw
48%
Death to all betrayers. Kalista
47%
I shall bring great suffering. Mordekaiser
46%
Lets get into a fight. Rumble
45%
Death is only the beginning. Yorick
45%
The balance of power must be preserved. Kassadin
44%
Trust nothing but your strength. Sejuani
44%
Leave nothing behind. Olaf
43%
*crumbling* Rek'Sai
42%
I do it. Sion
42%
Dont you find me... Beautiful? Cassiopeia
41%
Oblivion awaits. Malzahar
41%
They are priviledged to die at my feet. Pantheon
40%
Eternal life, endless torture. Urgot
40%
Lets make this fun. Warwick
39%
Valoran will know harmony. Poppy
37%
My pity master. Fiddlesticks
36%
Here we go. Nunu
34%
They are nothing before me. Shyvana
34%
I'll do your bidding. Maokai
32%
Oh. What do you want? Twitch
27%
What delightful anguish i shall inflict. Tresh
15%
No matching quizzes found
Score Distribution
Percent of People with Each Score
Percentile by Number Answered
Your Score History
You have not taken this quiz